| 000 | 00532nam a2200133Ia 4500 | ||
|---|---|---|---|
| 008 | 220216s9999 xx 000 0 und d | ||
| 100 | _aKrishnakumar A.K. | ||
| 245 | 0 | _aEcological and socio economic desirability of rubber plantation in North East with a reference to Tripura | |
| 260 |
_bProceedings of Seminar on Industrial Opportunities in Tripura based on Natural Gas and Rubber, 2 August 1992, Calcutta, India, pp. 29-32. _c1992 |
||
| 650 | _aRubber plantation | ||
| 650 | _aSocioeconomics | ||
| 650 | _aTripura | ||
| 942 | _cBS | ||
| 999 |
_c51312 _d51312 |
||